000
00352nam a2200133Ia 4500
008
231129s9999||||xx |||||||||||||| ||spa||
020
_a
84-7100-425-9
040
_b
spa
082
_a
986.101 Ch512i
100
_a
Chaves Mendoza Alvaro
245
0
_a
Los indios de Colombia
264
_a
Mapfre
942
_2
ddc
_c
BKS
999
_c
19758
_d
19758